000 00341nam a2200145Ia 4500
008 100415s9999 xx 000 0 und d
082 _b3194
_a500
100 _aCrammer JL (ed.)
245 _aScience News
260 _aENGLAND
_c1949
_bPENGUIN BOOKS
365 _b0
630 _aScience News
730 _aScience News
942 _cBOOK
999 _c586183
_d586180